000 00778nam a2200277 a 4500
001 30258
003 AR-BaAGN
005 20231116150737.0
007 ta
008 220625s1998 ag |||||r|||| ||||||spa d
020 _a950-557-248-4
040 _dAR-BaAGN
_aAR-BaAGN
_bspa
_eaacr
100 1 _aAltamirano, Carlos,
_d1939-
_92727
245 1 0 _aArturo Frondizi :
_bo el hombre de ideas como político
250 _a1ª ed.
260 _aBuenos Aires :
_bFondo de Cultura Económica,
_c1998.
300 _a111 páginas :
_bilustraciones
336 _2rdacontent
_btxt
337 _2rdamedia
_bn
338 _2rdacarrier
_bnc
600 1 4 _aFrondizi, Arturo,
_d1908-1995
_94504
650 4 _aPOLÍTICA
_92164
651 4 _aArgentina
_93645
942 _cLIBRO
999 _c30258
_d30258